Intellectual disabilities/ (Record no. 52365)
[ view plain ]
| 000 -LEADER | |
|---|---|
| fixed length control field | 00571nam a2200217 b 4500 |
| 003 - CONTROL NUMBER IDENTIFIER | |
| control field | 3228 |
| 005 - DATE AND TIME OF LATEST TRANSACTION | |
| control field | 20260520111706.0 |
| 008 - FIXED-LENGTH DATA ELEMENTS--GENERAL INFORMATION | |
| fixed length control field | 230213s9999 xx o j 001 0 und d |
| 020 ## - INTERNATIONAL STANDARD BOOK NUMBER | |
| International Standard Book Number | <a href="9781422230374">9781422230374</a> |
| Qualifying information | (hbk) |
| 040 ## - CATALOGING SOURCE | |
| Original cataloging agency | MPL |
| Transcribing agency | 3228 |
| 041 ## - LANGUAGE CODE | |
| Language | English |
| 082 #0 - DEWEY DECIMAL CLASSIFICATION NUMBER | |
| Classification number | J 618.92858842 LIBA |
| 942 ## - ADDED ENTRY ELEMENTS | |
| Modifier ID | 367 |
| Modifier Name | Ellen Msibi |
| 100 ## - MAIN ENTRY--PERSONAL NAME | |
| Personal name | LIBAL, AUTUMN |
| 245 #0 - TITLE STATEMENT | |
| Title | Intellectual disabilities/ |
| Statement of responsibility, etc. | Autumn Libal. |
| 260 ## - PUBLICATION, DISTRIBUTION, ETC. | |
| Place of publication, distribution, etc. | Broomall; |
| Name of publisher, distributor, etc. | Mason Crest; |
| Date of publication, distribution, etc. | ©2015 |
| 300 ## - PHYSICAL DESCRIPTION | |
| Extent | 127 pages; |
| Other physical details | Photograph; |
| 490 ## - SERIES STATEMENT | |
| Series statement | Living with a special need. |
| 942 ## - ADDED ENTRY ELEMENTS | |
| Source of classification or shelving scheme | Dewey Decimal Classification |
| 942 ## - ADDED ENTRY ELEMENTS | |
| item type | Book |
| Source of classification or shelving scheme | Dewey Decimal Classification |
| Withdrawn status | Lost status | Damaged status | Not for loan | Home library | Current library | Date acquired | Total Checkouts | Full call number | Barcode | Date last seen | Price effective from | item type | Source of classification or shelving scheme | Collection code | Shelving location | Cost, replacement price |
|---|---|---|---|---|---|---|---|---|---|---|---|---|---|---|---|---|
| Standerton Regional Library | Evander | 20.03.2026 | J 618.92858842 LIBA | 3322803187800 | 20.03.2026 | 20.03.2026 | Book | Dewey Decimal Classification | 600: Technology & Applied Science | Non Fiction | ||||||
| Lebohang | Lebohang | 13.02.2023 | J 618. 92858842 AUTO | 67757 | 13.02.2023 | 13.02.2023 | Books | |||||||||
| Secunda | Secunda | 20.03.2026 | J 618.92858842 LIBA | 3322803187803 | 20.03.2026 | 20.03.2026 | Book | Dewey Decimal Classification | 600: Technology & Applied Science | Non Fiction | ||||||
| Standerton Public Library | Standerton Public Library | 05.06.2023 | 618.92858842 LIBA | 3300410014103 | 05.06.2023 | 05.06.2023 | Books | Dewey Decimal Classification | 600: Technology & Applied Science | Non Fiction | 380.00 | |||||
| Standerton Regional Library | Standerton Public Library | 20.03.2026 | J 618.92858842 LIBA | 3322803187802 | 20.03.2026 | 20.03.2026 | Book | Dewey Decimal Classification | 600: Technology & Applied Science | Non Fiction | ||||||
| Standerton Regional Library | Wakkerstroom | 20.03.2026 | J 618.92858842 LIBA | 3322803187801 | 20.03.2026 | 20.03.2026 | Book | Dewey Decimal Classification | 600: Technology & Applied Science | Non Fiction |